000
00286nam a2200109Ia 4500
001
588901
005
20250717120839.0
008
250717s9999 xx 000 0 und d
245
0
_a
Y-7 BİR DÜNYA GEZGİNİ İBNİ BATTUTA
_c
NAZAN VARLI
260
_b
ERDEM YAYINLARI
_c
2020
300
_b
115
999
_c
588901
_d
588901